<?xml version="1.0" encoding="UTF-8"?>
<record
    xmlns:xsi="http://www.w3.org/2001/XMLSchema-instance"
    xsi:schemaLocation="http://www.loc.gov/MARC21/slim http://www.loc.gov/standards/marcxml/schema/MARC21slim.xsd"
    xmlns="http://www.loc.gov/MARC21/slim">

  <leader>00401nam a22001217a 4500</leader>
  <datafield tag="999" ind1=" " ind2=" ">
    <subfield code="c">9404</subfield>
    <subfield code="d">9404</subfield>
  </datafield>
  <controlfield tag="003">OSt</controlfield>
  <controlfield tag="008">201203b           ||||| |||| 00| 0 eng d</controlfield>
  <datafield tag="245" ind1=" " ind2=" ">
    <subfield code="a">Asian Textile Journal</subfield>
  </datafield>
  <datafield tag="250" ind1=" " ind2=" ">
    <subfield code="a">2018( Jan Vol.27 No.1, Mar Vol.27 No.3, Apr Vol.27 No.4, May Vol.27 No.5, Jun Vol.27 No.6, Jul Vol.27 No.7 )</subfield>
  </datafield>
  <datafield tag="260" ind1=" " ind2=" ">
    <subfield code="a">Mumbai</subfield>
    <subfield code="b">SB Dyesprings [INDIA] Pvt. Ltd.</subfield>
  </datafield>
  <datafield tag="650" ind1=" " ind2=" ">
    <subfield code="a">Textile Engineering</subfield>
  </datafield>
  <datafield tag="942" ind1=" " ind2=" ">
    <subfield code="2">ddc</subfield>
    <subfield code="c">BV</subfield>
  </datafield>
  <datafield tag="952" ind1=" " ind2=" ">
    <subfield code="0">0</subfield>
    <subfield code="1">0</subfield>
    <subfield code="2">ddc</subfield>
    <subfield code="3">Bound Volume</subfield>
    <subfield code="4">0</subfield>
    <subfield code="7">1</subfield>
    <subfield code="8">BTECHTE</subfield>
    <subfield code="a">PIET</subfield>
    <subfield code="b">PIET</subfield>
    <subfield code="d">2020-12-05</subfield>
    <subfield code="e">SB Dyesprings [INDIA] Pvt. Ltd.</subfield>
    <subfield code="h">2018( Jan Vol.27 No.1, Mar Vol.27 No.3, Apr Vol.27 No.4, May Vol.27 No.5, Jun Vol.27 No.6, Jul Vol.27 No.7 )</subfield>
    <subfield code="l">0</subfield>
    <subfield code="p">BV79</subfield>
    <subfield code="r">2020-12-05 00:00:00</subfield>
    <subfield code="w">2018-01-09</subfield>
    <subfield code="y">BV</subfield>
  </datafield>
</record>
